| 000 | 00553nam a22002171a 4500 | ||
|---|---|---|---|
| 001 | 3666 | ||
| 003 | OSt | ||
| 005 | 20260204211859.0 | ||
| 008 | 051226s2002||||sp ||||||b||||||||||spa|| | ||
| 020 | _a8420535036 | ||
| 050 | _a004 C839e | ||
| 082 | _a004 C839e | ||
| 100 | _aCowart, Robert | ||
| 245 | _aEdición especial Microsoftware Windows Xp, Home Edition / Robert Cowart | ||
| 264 | _aEspaña : Pearson Educación | ||
| 300 | _a120 p | ||
| 500 | _aIncluye indice | ||
| 650 | _a1.Informática | ||
| 700 | _aKnittel, BrianÌ | ||
| 942 |
_2ddc _cBK |
||
| 999 |
_c3666 _d3666 |
||